000 00333nam a22001457a 4500
008 221206b ||||| |||| 00| 0 eng d
020 _a9781305965591
041 _aeng
080 _2FOURTH EDITION
_a51
082 _a51AUF
100 _a23
101 _aMATE
245 _aMATHEMATICAL EXCURSIONS
_cAUFMANN.N.R
942 _2udc
_cBK
999 _c59108
_d59108